INDIAN JOURNAL OF PEDIATRICS DERMATOLOGY (Record no. 24404)

MARC details
000 -LEADER
fixed length control field 00220nam a22000977a 4500
003 - CONTROL NUMBER IDENTIFIER
control field SGT
245 ## - TITLE STATEMENT
Title INDIAN JOURNAL OF PEDIATRICS DERMATOLOGY
260 ## - PUBLICATION, DISTRIBUTION, ETC. (IMPRINT)
Place of publication, distribution, etc INIDIA
Name of publisher, distributor, etc WOLTERS KLUWER
Year of Publication 2018
300 ## - PAGE DESCRIPTION
No. of Pages 388
942 ## - ADDED ENTRY ELEMENTS (KOHA)
Source of classification or shelving scheme Dewey Decimal Classification
Koha item type Back Volumes
Holdings
Withdrawn status Lost status Source of classification or shelving scheme Damaged status Not for loan Collection code Home library Current library Date acquired Volume Information (Serial or Books or Non-Book Material) SGTU Accession No. (Barcode) Date last seen Bill Date Koha item type
    Dewey Decimal Classification   Not For Loan MEDICAL SGT Medical Library SGT Medical Library 22/07/2023 VOL.19, 2018 SGTU PM1514 22/07/2023 22/07/2023 Back Volumes